000 00268nam a2200097Ia 4500
008 201216s9999 xx 000 0 und d
100 _aAdams, Sexton ; Griffin, Adelaide
245 0 _aModern Personnel Management
260 _aLondon
_bGulf Publishing Company
300 _a350
999 _c6034
_d6034